| Tag |
First Indicator |
Second Indicator |
Subfields |
| LEADER |
00000cam a2200000 a 4500 |
| 001 |
in00000019381 |
| 005 |
20151007054245.0 |
| 007 |
he bmb||||||| |
| 008 |
851121r19851984oru bb 00010 eng d |
| 035 |
|
|
|a (OCoLC)12828425
|
| 035 |
|
|
|9 AAB4476AM
|
| 040 |
|
|
|a SDB
|c SDB
|d HPE
|d TXA
|d UtOrBLW
|
| 049 |
|
|
|a TXAI
|
| 099 |
|
|
|a fiche
|a C
|a 9243
|
| 100 |
1 |
|
|a Long, Sandra Donna.
|
| 245 |
1 |
2 |
|a A comparison of participants and nonparticipants in an employee fitness and health promotion program /
|c by Sandra Donna Long.
|
| 264 |
|
1 |
|a [Place of publication not identified] :
|b [publisher not identified] ;
|c 1984.
|
| 300 |
|
|
|a vii, 82 leaves.
|
| 336 |
|
|
|a text
|b txt
|2 rdacontent
|
| 337 |
|
|
|a microform
|b h
|2 rdamedia
|
| 338 |
|
|
|a microfiche
|b he
|2 rdacarrier
|
| 502 |
|
|
|b M.S.
|c Pennsylvania State University
|d 1984.
|
| 504 |
|
|
|a Bibliography: leaves 64-67.
|
| 533 |
|
|
|a Microfiche.
|b Eugene :
|c Microform Publications, College of Human Development and Performance, University of Oregon,
|d 1985.
|e 1 microfiche : negative ; 11 x 15 cm.
|
| 500 |
|
|
|a Microform.
|
| 650 |
|
0 |
|a Physical fitness.
|
| 650 |
|
0 |
|a Employee assistance programs.
|
| 999 |
|
|
|a MARS
|
| 999 |
f |
f |
|s e852a60b-d5f9-32da-9462-9ca1bcee161f
|i fe2c2e15-9c29-38ac-9a87-5af8db1bcff5
|t 0
|
| 952 |
f |
f |
|p normal
|a Texas A&M University
|b College Station
|c Sterling C. Evans Library
|d Evans: Microforms (3rd floor)
|t 0
|e fiche C 9243
|h Other scheme
|i microform -- microfiche
|m A14822855177
|
| 998 |
f |
f |
|a fiche C 9243
|t 0
|l Evans: Microforms (3rd floor)
|